Statistics for Win the Brazilian Colony Party by Guessing States

Click here to take the quiz!

General Stats

  • This quiz has been taken 1,640 times
    (1,381 since last reset)
  • The average score is 84 of 203

Answers on the Map

Answers color-coded by a green-red scale on the quiz's map according to % correct below.
 

Answer Stats

Population in million (relative)State% Correct
17Rio de Janeiro
87%
46São Paulo
80%
4Amazonas
48%
4Amazonas
47%
21Minas Gerais
41%
8Pará
41%
14Bahia
34%
11Rio Grande do Sul
31%
11Paraná
25%
1Acre
23%
3Mato Grosso
19%
7Goiás
18%
3Mato Grosso
18%
7Santa Catarina
15%
9Pernambuco
12%
1Amapá
11%
9Ceará
11%
3Federal District
8%
3Rio Grande do Norte
8%
4Espírito Santo
7%
3Piauí
7%
7Maranhão
6%
1Rondônia
6%
1Roraima
6%
4Paraíba
5%
3Alagoas
4%
1Tocantins
4%
2Mato Grosso do Sul
3%
2Sergipe
2%

Score Distribution

Percentile by Number Answered

Percent of People with Each Score

Your Score History

You have not taken this quiz since the last reset